| 000 | 01197nam a2200313 i 4500 | ||
|---|---|---|---|
| 001 | bg | ||
| 100 | 1 |
_aNietzsche, Friedrich _d(1844-1900). |
|
| 245 | 1 | 0 |
_aTo rzekł Zaratustra : _bksiążka dla wszystkich i dla nikogo / _cFriedrich Nietzsche ; przeł. Sława Lisiecka i Zdzisław Jaskuła. |
| 246 | 1 |
_iTyt. oryg.: _aAlso sprach Zarathustra |
|
| 260 |
_a[s.l.] : _bMediasat Group, _c2005. |
||
| 300 |
_a318, [1] s. ; _c21 cm. |
||
| 490 | 1 |
_aBiblioteka Gazety Wyborczej : XIX wiek ; _v19 |
|
| 500 | _aTyt. oryg.: "Also sprach Zarathustra : ein Buch für Alle und Keinen". - Przekł. na podst.: Sämtliche Werke, 1980. | ||
| 500 | _aWyd. we współpr. merytorycznej z Zakładem Narodowym im. Ossolińskich - Wydawnictwo, Wrocław. | ||
| 650 | 9 |
_aFilozofia _y19 w. |
|
| 700 | 1 |
_aLisiecka, Sława _d(1947- ). _eTł. |
|
| 700 | 1 |
_aJaskuła, Zdzisław _d(1951- ). _eTł. |
|
| 830 | 0 |
_aBiblioteka Gazety Wyborczej ; _v19 |
|
| 020 | _a8498191645 (całość) | ||
| 020 | _a8498191904 | ||
| 040 | _cBPK | ||
| 041 | 1 |
_apol _hger |
|
| 044 | _aPOL | ||
| 080 | _a1 | ||
| 920 | _a84-9819-164-5 (całość) | ||
| 920 | _a84-9819-190-4 | ||
| 942 | _cKS | ||
| 008 | s pl f |000 0 pol | ||
| 999 |
_c55706 _d55706 |
||
| 856 |
_uhttp://koha.tu.koszalin.pl/cgi-bin/koha/opac-detail.pl?biblionumber=55706 _yKatalog online BPK |
||